LEADER 00788nam0 2200277 450 001 000027967 005 20101108130107.0 010 $a978-88-348-9718-8 100 $a20101108d2007----km-y0itay50------ba 101 0 $aita 102 $aIT 105 $ay-------001yy 200 1 $a<> contratti$fAntonio Cataudella 205 $a3. ed. 210 $aTorino$cGiappichelli$dc2009 215 $aIX, 330 p.$d24 cm 327 0 $a1.: Parte generale 410 0$1<> contratti 610 1 $aContratti 676 $a346.4502$v22$9Contratti e rappresentanza. Italia 700 1$aCataudella,$bAntonino$0132961 801 0$aIT$bUNIPARTHENOPE$c20101108$gRICA$2UNIMARC 912 $a000027967 951 $a346-C/47/I$b42724$cNAVA1$d2010 996 $aContratti$9146288 997 $aUNIPARTHENOPE LEADER 01186nam0 2200313 i 450 001 VAN0005435 005 20120327113155.103 010 $a88-348-2025-8 020 $aIT$b94 5875 100 $a20020808d1993 |0itac50 ba 101 $aita 102 $aIT 105 $a|||| ||||| 200 1 $aˆLa ‰funzione giudiziaria$fGiorgio Rebuffa 205 $a3. ed. riv. e ampliata 210 $aTorino$cGiappichelli$d[1993] 215 $a214 p.$d22 cm. 606 $aFunzioni giudiziarie$xSec. 19.-20.$3VANC003306$2FI 606 $aGiudice$xSec. 19.-20.$3VANC003307$2FI 620 $dTorino$3VANL000001 676 $a347.009034$v21 700 1$aRebuffa$bGiorgio$3VANV004085$0125670 712 $aGiappichelli $3VANV107921$4650 801 $aIT$bSOL$c20230707$gRICA 912 $aVAN0005435 950 $aBIBLIOTECA DEL DIPARTIMENTO DI GIURISPRUDENZA$d00CONS VIII.Ei.3 $e00 9779 20020808 950 $aBIBLIOTECA DEL DIPARTIMENTO DI GIURISPRUDENZA$d00CONS VIII.Ei.3 bis $e00 10631 20020808 996 $aFunzione giudiziaria$9733294 997 $aUNICAMPANIA LEADER 04386oam 22011534 450 001 9910972308303321 005 20250426110137.0 010 $a9786613831484 010 $a9781462391172 010 $a1462391176 010 $a9781452756196 010 $a1452756198 010 $a9781283519038 010 $a1283519038 010 $a9781451986136 010 $a1451986130 035 $a(CKB)3360000000444051 035 $a(EBL)3014355 035 $a(SSID)ssj0000941493 035 $a(PQKBManifestationID)11509469 035 $a(PQKBTitleCode)TC0000941493 035 $a(PQKBWorkID)10964026 035 $a(PQKB)11547009 035 $a(OCoLC)698585567 035 $a(IMF)WPIEE2006169 035 $a(MiAaPQ)EBC3014355 035 $a(IMF)WPIEA2006169 035 $aWPIEA2006169 035 $a(EXLCZ)993360000000444051 100 $a20020129d2006 uf 0 101 0 $aeng 135 $aur|n|---||||| 181 $ctxt 182 $cc 183 $acr 200 10$aInstitutions versus Geography : $eSubnational Evidence from the United States /$fAlma Romero-Barrutieta, Eric Clifton 205 $a1st ed. 210 1$aWashington, D.C. :$cInternational Monetary Fund,$d2006. 215 $a1 online resource (26 p.) 225 1 $aIMF Working Papers 300 $a"July 2006". 311 08$a9781451864298 311 08$a1451864299 320 $aIncludes bibliographical references. 327 $a""Contents""; ""I. INTRODUCTION""; ""II. INSTITUTIONS AND GEOGRAPHY""; ""III. DATA""; ""IV. EVIDENCE""; ""V. CONCLUSIONS""; ""References"" 330 3 $aEmpirical studies of the impact of geography and institutions on growth and development at the international level have become common place, but the high degree of abstraction at that level has led to calls for subnational studies. This paper examines these issues for a region of the United States, Appalachia, where the specific factors at play are identified and measured thus obviating the need for instrumental variable techniques. The evidence suggests that initial conditions, including both geography and institutions, are very important for economic development, having significant effects lasting hundreds of years. 410 0$aIMF Working Papers; Working Paper ;$vNo. 2006/169 606 $aEconomic development 606 $aEconomic geography 606 $aEconometric Modeling: General$2imf 606 $aEconometric models$2imf 606 $aEconometrics & economic statistics$2imf 606 $aEconometrics$2imf 606 $aEstimation techniques$2imf 606 $aEstimation$2imf 606 $aIncome$2imf 606 $aInstitutional arrangements for revenue administration$2imf 606 $aMacroeconomics$2imf 606 $aPersonal income$2imf 606 $aPersonal Income, Wealth, and Their Distributions$2imf 606 $aPoverty & precarity$2imf 606 $aPoverty and Homelessness$2imf 606 $aPoverty$2imf 606 $aPublic finance & taxation$2imf 606 $aPublic Finance$2imf 606 $aRevenue$2imf 606 $aSpatial models$2imf 606 $aTaxation, Subsidies, and Revenue: General$2imf 606 $aWelfare, Well-Being, and Poverty: General$2imf 607 $aUnited States$2imf 615 0$aEconomic development. 615 0$aEconomic geography. 615 7$aEconometric Modeling: General 615 7$aEconometric models 615 7$aEconometrics & economic statistics 615 7$aEconometrics 615 7$aEstimation techniques 615 7$aEstimation 615 7$aIncome 615 7$aInstitutional arrangements for revenue administration 615 7$aMacroeconomics 615 7$aPersonal income 615 7$aPersonal Income, Wealth, and Their Distributions 615 7$aPoverty & precarity 615 7$aPoverty and Homelessness 615 7$aPoverty 615 7$aPublic finance & taxation 615 7$aPublic Finance 615 7$aRevenue 615 7$aSpatial models 615 7$aTaxation, Subsidies, and Revenue: General 615 7$aWelfare, Well-Being, and Poverty: General 700 $aRomero-Barrutieta$b Alma$01816460 701 $aClifton$b Eric$01816461 801 0$bDcWaIMF 906 $aBOOK 912 $a9910972308303321 996 $aInstitutions versus Geography$94372550 997 $aUNINA